Novelas do Vale a Pena Ver de Novo [Atualizado] - Statistics

Estatísticas Gerais
  • Esse quiz foi jogado 403 vezes
    258 desde o último reset
  • A pontuação média é 53 de 105
Estatísticas das Respostas
Ano Nome da Novela Ano que foi exibida na TV Horário original de exibição % Correto
2006-2007 Chocolate com Pimenta 2003-2004 Novela das Seis
88%
2012 Chocolate com Pimenta 2003-2004 Novela das Seis (segundo reprise)
88%
2022-2023 Chocolate com Pimenta 2003-2004 Novela das Seis (terceiro reprise)
88%
1994-1995 Tieta 1989-1990 Novela das Oito
86%
2024-2025 Tieta 1989-1990 Novela das Oito (segundo reprise)
86%
2009-2010 Alma Gêmea 2005-2006 Novela das Seis
78%
2024 Alma Gêmea 2005-2006 Novela das Seis (segundo reprise)
78%
2011 O Clone 2001-2002 Novela das Oito
78%
2021-2022 O Clone 2001-2002 Novela das Oito (segundo reprise)
78%
2019-2020 Avenida Brasil 2012 Novela das Oito
76%
2008-2009 Mulheres Apaixonadas 2003 Novela das Oito
76%
2023 Mulheres Apaixonadas 2003 Novela das Oito (segundo reprise)
76%
1999 O Rei do Gado 1996-1997 Novela das Oito
76%
2015 O Rei do Gado 1996-1997 Novela das Oito (segundo reprise)
76%
2022-2023 O Rei do Gado 1996-1997 Novela das Oito (terceiro reprise)
76%
1981-1982 Cabocla 1979 Novela das Seis
75%
2008 Cabocla 2004 Novela das Seis
75%
2024-2025 Cabocla 2004 Novela das Seis (segundo reprise)
75%
2003 O Cravo e a Rosa 2000-2001 Novela das Seis
74%
2013-2014 O Cravo e a Rosa 2000-2001 Novela das Sete (segundo reprise)
74%
2021-2022 O Cravo e a Rosa 2000-2001 Novela das Seis (terceiro reprise)
74%
1996-1997 Mulheres de Areia 1993 Novela das Seis
73%
2011-2012 Mulheres de Areia 1993 Novela das Seis (segundo reprise)
73%
2023-2024 Mulheres de Areia 1993 Novela das Seis (terceiro reprise)
73%
2005 Laços de Família 2000-2001 Novela das Oito
72%
2020-2021 Laços de Família 2000-2001 Novela das Oito (segundo reprise)
72%
2009 Senhora do Destino 2004-2005 Novela das Oito
69%
2017 Senhora do Destino 2004-2005 Novela das Oito (segundo reprise)
69%
1997 A Viagem 1994 Novela das Sete
68%
2006 A Viagem 1994 Novela das Sete (segundo reprise)
68%
2022 A Favorita 2008-2009 Novela das Oito
66%
2016-2017 Cheias de Charme 2012 Novela das Sete
65%
2024 Cheias de Charme 2012 Novela das Sete (segundo reprise)
65%
2002-2003 Por Amor 1997-1998 Novela das Oito
65%
2019 Por Amor 1997-1998 Novela das Oito (segundo reprise)
65%
2015-2016 Caminho das Índias 2009 Novela das Oito
64%
1988 Ti Ti Ti 1985-1986 Novela das Sete
64%
2021 Ti Ti Ti 2010-2011 Novela das Sete
64%
1992 Vale Tudo 1988-1989 Novela das Oito
64%
2017-2018 Celebridade 2003-2004 Novela das Oito
63%
1986 Paraíso 1982-1983 Novela das Seis
63%
2000-2001 Roque Santeiro 1985-1986 Novela das Oito
63%
2014 Caras e Bocas 2009-2010 Novela das Sete
61%
1993 Sinhá Moça 1986 Novela das Seis
61%
2010 Sinhá Moça 2006 Novela das Seis
61%
2007 Da Cor do Pecado 2004 Novela das Sete
60%
2012-2013 Da Cor do Pecado 2004 Novela das Sete (segundo reprise)
60%
2018-2019 Belíssima 2005-2006 Novela das Oito
58%
2014-2015 Cobras e Lagartos 2006 Novela das Sete
57%
2004 Terra Nostra 1999-2000 Novela das Oito
56%
2001-2002 História de Amor 1995-1996 Novela das Seis
55%
2023-2024 Paraíso Tropical 2007 Novela das Oito
55%
2019 Cordel Encantado 2011 Novela das Seis
52%
1995-1996 Renascer 1993 Novela das Oito
52%
2003-2004 Anjo Mau 1997-1998 Novela das Seis
51%
2016 Anjo Mau 1997-1998 Novela das Seis (segundo reprise)
51%
2013 O Profeta 2006-2007 Novela das Seis
51%
1994 Rainha da Sucata 1990 Novela das Oito
51%
2020 Êta Mundo Bom! 2016 Novela das Seis
50%
1989 A Gata Comeu 1985 Novela das Seis
49%
2001 A Gata Comeu 1985 Novela das Seis (segundo reprise)
49%
1999-2000 A Indomada 1997 Novela das Oito
47%
2000 A Próxima Vítima 1995 Novela das Oito
47%
2010-2011 Sete Pecados 2007-2008 Novela das Sete
44%
1995 Pedra Sobre Pedra 1992 Novela das Oito
43%
1990-1991 Sassaricando 1987-1988 Novela das Sete
43%
2007-2008 Coração de Estudante 2002 Novela das Seis
39%
2004-2005 Deus Nos Acuda 1992-1993 Novela das Sete
38%
1988-1989 Gabriela 1975 Novela das Dez
38%
1998 O Salvador da Pátria 1989 Novela das Oito
38%
1980 Dona Xepa 1977 Novela das Seis
36%
2007 Era uma Vez 1998 Novela das Seis
36%
1998 Felicidade 1991-1992 Novela das Seis
36%
1997-1998 Fera Ferida 1993-1994 Novela das Oito
36%
1993 Barriga de Aluguel 1990-1991 Novela das Seis
33%
1991 Top Model 1989-1990 Novela das Sete
32%
1984 Água Viva 1980 Novela das Oito
31%
1991 Cambalacho 1986 Novela das Sete
31%
1985 Elas por Elas 1982 Novela das Sete
31%
1998-1999 Quatro por Quatro 1994-1995 Novela das Sete
31%
2000 Tropicaliente 1994 Novela das Seis
29%
1980-1981 A Sucessora 1978-1979 Novela das Seis
28%
1989-1990 Brega e Chique 1987 Novela das Sete
28%
1991-1992 Fera Radical 1988 Novela das Seis
28%
1983 Plumas e Paetês 1980-1981 Novela das Sete
27%
2004 Corpo Dourado 1998 Novela das Sete
26%
1996 Despedida de Solteiro 1992-1993 Novela das Seis
25%
1990 Roda de Fogo 1986-1987 Novela das Oito
25%
1987-1988 Amor com Amor se Paga 1984 Novela das Seis
24%
2005-2006 Força de um Desejo 1999-2000 Novela das Seis
24%
1992-1993 Bebê a Bordo 1988-1989 Novela das Sete
23%
1990 Pão Pão, Beijo Beijo 1983 Novela das Sete
23%
1987 Vereda Tropical 1984-1985 Novela das Sete
22%
2001 Você Decide 1992-2000 Horário das Dez (melhores episódios)
22%
1984-1985 Final Feliz 1982-1983 Novela das Sete
21%
1981 Te Contei? 1978 Novela das Seis
21%
1982 A Moreninha 1975-1976 Novela das Seis
19%
1996 Meu Bem, Meu Mal 1990-1991 Novela das Oito
19%
1993-1994 Direito de Amar 1987 Novela das Seis
18%
1982 As Três Marias 1980-1981 Novela das Seis
17%
1983-1984 Pecado Rasgado 1978-1979 Novela das Sete
17%
1982 Marrom Glacê 1979-1980 Novela das Sete
15%
1986 Feijão Maravilha 1979 Novela das Sete
14%
1985-1986 Jogo da Vida 1981-1982 Novela das Sete
14%
1986-1987 Livre pra Voar 1984-1985 Novela das Seis
8%
Nenhum quiz correspondente encontrado
Distribuição das Pontuações
Porcentagem de Pessoas com Cada Pontuação
Percentil de Números Respondidos
Sua Pontuação Histórica
Você não jogou esse quiz desde o último reset